All Legendary/Mythical/Ultra Beasts Pokemon - Statistics

General Stats
  • This quiz has been taken 21 times
  • The average score is 75 of 105
Answer Stats
Gen Pokemon Type % Correct
1 Articuno Legendary
100%
2 Celebi Mythical
100%
2 Entei Legendary
100%
2 Ho-Oh Legendary
100%
2 Lugia Legendary
100%
1 Mew Mythical
100%
1 Mewtwo Legendary
100%
1 Moltres Legendary
100%
2 Raikou Legendary
100%
2 Suicune Legendary
100%
9 Ting-Lu Legendary
100%
1 Zapdos Legendary
100%
4 Arceus Mythical
88%
4 Azelf Legendary
88%
5 Cobalion Legendary
88%
4 Cresselia Legendary
88%
4 Dialga Legendary
88%
4 Giratina Legendary
88%
3 Groudon Legendary
88%
7 Guzzlord Ultra Beast
88%
3 Kyogre Legendary
88%
5 Kyurem Legendary
88%
3 Latias Legendary
88%
3 Latios Legendary
88%
4 Palkia Legendary
88%
3 Rayquaza Legendary
88%
3 Regice Legendary
88%
4 Regigigas Legendary
88%
3 Regirock Legendary
88%
3 Registeel Legendary
88%
5 Reshiram Legendary
88%
7 Tapu Bulu Legendary
88%
7 Tapu Koko Legendary
88%
7 Tapu Lele Legendary
88%
4 Uxie Legendary
88%
6 Xerneas Legendary
88%
6 Yveltal Legendary
88%
5 Zekrom Legendary
88%
6 Zygarde Legendary
88%
7 Cosmoem Legendary
75%
7 Cosmog Legendary
75%
4 Darkrai Mythical
75%
3 Deoxys Mythical
75%
6 Diancie Mythical
75%
5 Genesect Mythical
75%
4 Heatran Legendary
75%
3 Jirachi Mythical
75%
5 Keldeo Mythical
75%
5 Landorus Legendary
75%
7 Lunala Legendary
75%
4 Manaphy Mythical
75%
4 Mesprit Legendary
75%
7 Necrozma Legendary
75%
4 Phione Mythical
75%
4 Shaymin Mythical
75%
7 Solgaleo Legendary
75%
7 Tapu Fini Legendary
75%
5 Terrakion Legendary
75%
5 Virizion Legendary
75%
7 Blacephalon Ultra Beast
63%
7 Buzzwole Ultra Beast
63%
7 Celesteela Ultra Beast
63%
8 Eternatus Legendary
63%
6 Hoopa Mythical
63%
9 Koraidon Legendary
63%
7 Melmetal Mythical
63%
5 Meloetta Mythical
63%
7 Meltan Mythical
63%
9 Miraidon Legendary
63%
7 Naganadel Ultra Beast
63%
7 Nihilego Ultra Beast
63%
7 Pheromosa Ultra Beast
63%
7 Poipole Ultra Beast
63%
8 Regidrago Legendary
63%
7 Stakataka Ultra Beast
63%
5 Thundurus Legendary
63%
5 Tornadus Legendary
63%
7 Type Null Legendary
63%
6 Volcanion Mythical
63%
9 Wo-Chien Legendary
63%
7 Xurkitree Ultra Beast
63%
8 Zacian Legendary
63%
8 Zamazenta Legendary
63%
8 Zarude Mythical
63%
7 Zeraora Mythical
63%
8 Calyrex Legendary
50%
9 Chi-Yu Legendary
50%
8 Glastrier Legendary
50%
7 Kartana Ultra Beast
50%
7 Magearna Mythical
50%
7 Marshadow Mythical
50%
8 Regieleki Legendary
50%
7 Silvally Legendary
50%
8 Spectrier Legendary
50%
9 Terapagos Legendary
50%
5 Victini Mythical
50%
9 Chien-Pao Legendary
38%
8 Enamorus Legendary
38%
9 Ogerpon Legendary
38%
9 Pecharunt Mythical
38%
8 Urshifu Legendary
38%
8 Kubfu Legendary
25%
9 Munkidori Legendary
25%
9 Okidogi Legendary
25%
9 Fezandipiti Legendary
13%
No matching quizzes found
Score Distribution
Percent of People with Each Score
Percentile by Number Answered
Your Score History
You have not taken this quiz